000 00555nam a2200181Ia 4500
003 OSt
005 20200515090749.0
008 190216s9999||||xx |||||||||||||| ||und||
020 _a9789380081403
040 _coclc
082 _a297
_bMAK/T
100 _aMakhdoomi, Zainuddin
_92277
245 0 _aTahrid Ahlil Iman Alajihadi Abdatisulban /
_cZainuddin Makhdoomi
260 _bOther Books,
_c2012.
_aCalicut:
300 _a77p
650 0 _aHistory & geography
_vIslamic History
_92271
942 _cBK
_2ddc
_h297
_iMAK/T
_k297
_mMAK/T
999 _c23125
_d23125